[Event "Muscat Design Group op 1st"]
[Site "Muscat"]
[Date "2022.03.25"]
[Round "4"]
[White "Al Mamari, Ali Abdullah"]
[Black "Sushanth, Vaman Shetty"]
[Result "0-1"]
[WhiteElo "1545"]
[BlackElo "1188"]
[PlyCount "52"]
[EventDate "2022.03.23"]
[EventType "swiss"]
[EventRounds "7"]
[EventCountry "OMN"]
[SourceTitle "EXT 2023"]
[Source "ChessBase"]
[SourceDate "2022.10.05"]
[SourceVersion "1"]
[SourceVersionDate "2022.10.05"]
[SourceQuality "1"]

1. e4 e5 2. Nf3 Nc6 3. d4 exd4 4. Bc4 Nf6 5. 0-0 Nxe4 6. Re1 d5 7. Bxd5 Qxd5 8. Nc3 Qd8 9. Nxe4 Be7 10. Bg5 f6 11. Bh4 0-0 12. h3 Bf5 13. Qe2 Bb4 14. Qc4+ Kh8 15. c3 Bxe4 16. Rxe4 dxc3 17. bxc3 Bd6 18. Rae1 Qd7 19. Qb5 a6 20. Qh5 Qf7 21. Qxf7 Rxf7 22. g4 Re7 23. Rxe7 Nxe7 24. Nd4 Nd5 25. c4 Nf4 26. Re3 Bc5 0-1